000 00439nam a2200181Ia 4500
001 24208
005 20260414151028.0
008 260414t2001||||xx |||||||||||||| ||spa||
041 _aESP
082 _a792.0985
_bB19
100 _aBalta Campbell, Aída
_eAUT
245 0 _aHistoria general del teatro en el Perú
_b
260 _c2001
300 _a335 páginas :
_c\N
650 _aABD
654 _aCAU
942 _cLIB
_dJUS
_fJUS
_2ddc
_n
999 _c24208
_d24208